2022 NBA All-Star Team - Statistics

General Stats
  • This quiz has been taken 20 times
  • The average score is 24 of 27
Answer Stats
Team Position Player % Correct
Phoenix Suns G Devin Booker
100%
Milwaukee Bucks F Giannis Antetokounmpo
100%
Memphis Grizzlies G Ja Morant
100%
Philadelphia 76ers C Joel Embiid
100%
Charlotte Hornets G LaMelo Ball*
100%
Los Angeles Lakers F LeBron James
100%
Dallas Mavericks G Luka Dončić
100%
Denver Nuggets C Nikola Jokić
100%
Golden State Warriors G Stephen Curry
100%
Atlanta Hawks G Trae Young
100%
Utah Jazz G Donovan Mitchell
95%
Boston Celtics F Jayson Tatum*
95%
Brooklyn Nets F Kevin Durant*
95%
Chicago Bulls G DeMar DeRozan
89%
Golden State Warriors F Draymond Green*
89%
Brooklyn Nets G James Harden*
89%
Cleveland Cavaliers C Jarrett Allen*
89%
Chicago Bulls G Zach LaVine
89%
Cleveland Cavaliers G Darius Garland
84%
Miami Heat F Jimmy Butler
84%
Utah Jazz C Rudy Gobert
84%
Phoenix Suns G Chris Paul
79%
Milwaukee Bucks F Khris Middleton
79%
Golden State Warriors F Andrew Wiggins
74%
Minnesota Timberwolves C Karl-Anthony Towns
68%
Toronto Raptors G Fred VanVleet
63%
San Antonio Spurs G Dejointe Murray*
47%
No matching quizzes found
Score Distribution
Percent of People with Each Score
Percentile by Number Answered
Your Score History
You have not taken this quiz